000 00305nam a2200133Ia 4500
003 OSt
008 191201s2009 xx 000 0 und d
100 _aGOVINDARAJAN, M
245 0 _aIndustrial Marketing MBA SEM-4
260 _aN. Delhi
_bVikas Pub
_c2009
300 _a292
650 _aMBA
942 _2ddc
_cBK
999 _c268
_d268